Avatar - The Last Airbender Characters by Picture #1 - Statistics

General Stats
  • This quiz has been taken 87 times
  • The average score is 15 of 16
Answer Stats
Picture Answer % Correct
Katara
100%
Zuko
100%
Sokka
99%
Toph
99%
Aang
97%
Azula
97%
Appa
96%
Ozai
96%
Ty Lee
96%
Iroh
95%
Momo
95%
Suki
95%
Roku
91%
Cabbage Merchant
87%
Zhao
84%
Hakoda
71%
No matching quizzes found
Score Distribution
Percent of People with Each Score
Percentile by Number Answered
Your Score History
You have not taken this quiz